25 Ciudades más grandes de Italia en un mapa - Estadísticas

Estadísticas generales
  • Esta prueba ha sido intentada 72 veces
  • La puntuación promedio es 16 de 25
Respuestas en el mapa
Las respuestas están codificadas por una escala verde-roja en el mapa de la prueba según el % correcto abajo.
 
Estadísticas de respuestas
Ciudad Población % Correcto
Milán 1,3 million
100%
Nápoles 910 mil
100%
Roma 2,7 million
100%
Venecia 250 mil
100%
Turin 860 mil
96%
Florencia 360 mil
95%
Palermo 620 mil
93%
Génova 560 mil
89%
Bari 320 mil
82%
Bolonia 390 mil
82%
Verona 260 mil
79%
Catania 300 mil
71%
Trieste 200 mil
68%
Parma 200 mil
61%
Módena 185 mil
55%
Padua 210 mil
54%
Mesina 220 mil
46%
Brescia 200 mil
45%
Tarento 185 mil
45%
Perugia 160 mil
41%
Livorno 150 mil
39%
Reggio di Calabria 170 mil
32%
Rávena 155 mil
27%
Prato 200 mil
25%
Reggio nell'Emilia 170 mil
23%
No se encontraron pruebas coincidentes
Distribución de puntuación
Porcentaje de gente con cada puntuación
Porcentaje por número respondido
Historial de tus puntuaciones
No has intentado esta prueba.